Příběh zvaný Makedonie

Cesta Macedónska k nezávislosti. Nezávislé Macedónsko a konsolidácia. Súčasná kríza v Macedónsku.

Salvato in:
Dettagli Bibliografici
Autore principale: Ženíšek, Marek
Natura: Capitolo di libro
Lingua:ceco
Soggetti:
Tags: Aggiungi Tag
Nessun Tag, puoi essere il primo ad aggiungerne!!

MARC

LEADER 00000naa a2200000 4500
001 r044059
005 20231004105154.3
041 0 |a cze 
044 |a CZ 
245 1 0 |a Příběh zvaný Makedonie  |c Marek Ženíšek 
520 |a Cesta Macedónska k nezávislosti. Nezávislé Macedónsko a konsolidácia. Súčasná kríza v Macedónsku. 
610 2 0 |a vývoj hospodársky 
610 2 0 |a vývoj spoločenský 
610 2 0 |a Macedónsko 
610 2 0 |a menšiny národnostné 
610 2 0 |a kríza politická 
610 2 0 |a nezávislosť 
100 1 |a Ženíšek, Marek